[Event "UK Armed Services Championship"]
[Site "Wittering"]
[Date "2024.04.05"]
[Round "2.8"]
[White "O'Brien, Anthony T"]
[Black "Chapman, Chas"]
[Result "1-0"]
[WhiteElo "1847"]
[BlackElo "1546"]
[PlyCount "51"]
[EventDate "2024.04.05"]
[EventType "swiss"]
[EventRounds "7"]
[EventCountry "ENG"]
[SourceTitle "BritBase"]
[Source "John Saunders"]
[SourceDate "2024.05.09"]
[SourceVersion "1"]
[SourceVersionDate "2024.04.06"]
[SourceQuality "1"]

1. d4 Nf6 2. e3 d5 3. Bd3 e6 4. Nd2 Bd6 5. f4 b6 6. Ngf3 Bb7 7. O-O O-O 8. Ne5
Nbd7 9. Rf3 c5 10. c3 Ne4 11. a3 Nxe5 12. fxe5 Be7 13. Rh3 Qe8 14. Qg4 f5 15.
exf6 Rxf6 16. Nxe4 dxe4 17. Bxe4 Bxe4 18. Qxe4 g6 19. Rf3 Rxf3 20. Qxf3 Qf8 21.
Qe4 Qc8 22. d5 Kf7 23. dxe6+ Kg7 24. Bd2 a6 25. Rf1 Bf6 26. Qf3 1-0

[Event "UK Armed Services Championship"]
[Site "Wittering"]
[Date "2024.04.05"]
[Round "2.9"]
[White "O'Neill, Stephen G"]
[Black "Millener, Richard P"]
[Result "0-1"]
[WhiteElo "1536"]
[BlackElo "1845"]
[PlyCount "56"]
[EventDate "2024.04.05"]
[EventType "swiss"]
[EventRounds "7"]
[EventCountry "ENG"]
[SourceTitle "BritBase"]
[Source "John Saunders"]
[SourceDate "2024.05.09"]
[SourceVersion "1"]
[SourceVersionDate "2024.04.06"]
[SourceQuality "1"]

1. d4 c5 2. Nf3 cxd4 3. Qxd4 Nc6 4. Qc3 e5 5. a3 d6 6. e4 Nf6 7. Bb5 Bd7 8.
Nbd2 Rc8 9. Qd3 a6 10. Bc4 b5 11. Bxf7+ Kxf7 12. Ng5+ Ke8 13. Qb3 Qe7 14. O-O
h6 15. Ngf3 Be6 16. Qe3 Qa7 17. Re1 Qxe3 18. Rxe3 g5 19. h3 Nh5 20. g4 Nf4 21.
Kh2 Na5 22. b4 Nc4 23. Rc3 Be7 24. Nxc4 Rxc4 25. Bb2 h5 26. gxh5 Rxh5 27. Ng1
Rxc3 28. Bxc3 Bxh3 0-1

[Event "UK Armed Services Championship"]
[Site "Wittering"]
[Date "2024.04.05"]
[Round "2.10"]
[White "Kelly, Richard"]
[Black "Simpson, Jack"]
[Result "0-1"]
[WhiteElo "1813"]
[BlackElo "1538"]
[PlyCount "116"]
[EventDate "2024.04.05"]
[EventType "swiss"]
[EventRounds "7"]
[EventCountry "ENG"]
[SourceTitle "BritBase"]
[Source "John Saunders"]
[SourceDate "2024.05.09"]
[SourceVersion "1"]
[SourceVersionDate "2024.04.06"]
[SourceQuality "1"]

1. d4 Nf6 2. c4 g6 3. Nc3 Bg7 4. e4 d6 5. Bd3 O-O 6. Nge2 e5 7. h3 exd4 8. Nxd4
Bd7 9. Be3 Nc6 10. O-O Nxd4 11. Bxd4 Re8 12. f4 Bc6 13. Re1 Nh5 14. Bxg7 Kxg7
15. Qg4 Qf6 16. e5 dxe5 17. f5 Nf4 18. Ne4 Qxf5 19. Qf3 Rad8 20. Rad1 Nxd3 21.
Rxd3 Qxf3 22. Rxf3 Bxe4 23. Rxe4 Rd2 24. Rb3 b6 25. c5 Rd1+ 26. Kf2 Rc1 27.
cxb6 axb6 28. g4 Rc2+ 29. Ke1 f5 30. Ree3 f4 31. Re4 Rh2 32. Re2 Rxe2+ 33. Kxe2
Kf6 34. Rc3 c5 35. Rd3 Re6 36. Rd7 h5 37. gxh5 gxh5 38. Kf3 Kf5 39. Rf7+ Rf6
40. Re7 Re6 41. Rf7+ Kg5 42. Ke4 Kh4 43. Kf5 Re8 44. Ke4 Kxh3 45. Rg7 h4 46. b3
Kh2 47. a4 h3 48. Rg6 f3 49. Kxf3 Rf8+ 50. Ke2 Kh1 51. Rxb6 Rg8 52. Rh6 Kg2 53.
Ke3 h2 54. Ke4 h1=Q 55. Rxh1 Kxh1 56. Kxe5 Rd8 57. a5 Kg2 58. Ke4 Kf2 0-1

[Event "UK Armed Services Championship"]
[Site "Wittering"]
[Date "2024.04.05"]
[Round "2.11"]
[White "Brocklehurst, John"]
[Black "Foulds, Andrew"]
[Result "1/2-1/2"]
[WhiteElo "1500"]
[BlackElo "1792"]
[PlyCount "90"]
[EventDate "2024.04.05"]
[EventType "swiss"]
[EventRounds "7"]
[EventCountry "ENG"]
[SourceTitle "BritBase"]
[Source "John Saunders"]
[SourceDate "2024.05.09"]
[SourceVersion "1"]
[SourceVersionDate "2024.04.06"]
[SourceQuality "1"]

1. e4 d5 2. exd5 Nf6 3. c4 e6 4. dxe6 Bxe6 5. Nf3 Nc6 6. Be2 Bc5 7. O-O O-O 8.
Nc3 a6 9. a3 Nd4 10. b4 Nxe2+ 11. Qxe2 Bd6 12. c5 Bf4 13. d4 Bxc1 14. Raxc1 Bg4
15. Rfd1 Re8 16. Qd3 Nd5 17. h3 Bh5 18. g4 Bg6 19. Qd2 Qf6 20. Ne5 Nf4 21. Qe3
h5 22. Qg3 c6 23. Re1 hxg4 24. hxg4 Rad8 25. Ne4 Bxe4 26. Rxe4 Rxd4 27. Rce1
Rxe4 28. Rxe4 Rxe5 29. Qxf4 Qxf4 30. Rxf4 Kf8 31. Kg2 Ke7 32. Rd4 g5 33. Kg3 f6
34. Rd3 a5 35. f4 gxf4+ 36. Kxf4 axb4 37. axb4 Re1 38. Re3+ Rxe3 39. Kxe3 Kf7
40. Ke4 Ke6 41. Kf4 Ke7 42. Kf5 Kf7 43. Kf4 Ke6 44. Ke4 Ke7 45. Kf5 Kf7 1/2-1/2

[Event "UK Armed Services Championship"]
[Site "Wittering"]
[Date "2024.04.05"]
[Round "2.12"]
[White "Sherpa, Ngadi"]
[Black "Pun Magar, Bijay"]
[Result "1-0"]
[WhiteElo "1791"]
[BlackElo "1532"]
[PlyCount "25"]
[EventDate "2024.04.05"]
[EventType "swiss"]
[EventRounds "7"]
[EventCountry "ENG"]
[SourceTitle "BritBase"]
[Source "John Saunders"]
[SourceDate "2024.05.09"]
[SourceVersion "1"]
[SourceVersionDate "2024.04.06"]
[SourceQuality "1"]

1. d4 Nf6 2. Bg5 h6 3. Bh4 b6 4. Nc3 Bb7 5. Bxf6 exf6 6. e4 Bb4 7. Bd3 O-O 8.
Nge2 d5 9. O-O Bxc3 10. Nxc3 Qd6 11. Qg4 dxe4 12. Bxe4 Qxd4 13. Bh7+ 1-0

[Event "UK Armed Services Championship"]
[Site "Wittering"]
[Date "2024.04.05"]
[Round "2.13"]
[White "Stuttard, Harry"]
[Black "Chwieseni, Edward I"]
[Result "1-0"]
[WhiteElo "1489"]
[BlackElo "1788"]
[PlyCount "81"]
[EventDate "2024.04.05"]
[EventType "swiss"]
[EventRounds "7"]
[EventCountry "ENG"]
[SourceTitle "BritBase"]
[Source "John Saunders"]
[SourceDate "2024.05.09"]
[SourceVersion "1"]
[SourceVersionDate "2024.04.06"]
[SourceQuality "1"]

1. d4 Nf6 2. Nc3 g6 3. Bf4 Bg7 4. e3 O-O 5. Nf3 c6 6. Bd3 d5 7. Qd2 Bg4 8. Ne5
Bf5 9. Bxf5 gxf5 10. h4 Ng4 11. Nd3 Nd7 12. f3 Ngf6 13. O-O-O Nh5 14. Bh2 f6
15. g4 fxg4 16. fxg4 Nb6 17. gxh5 Nc4 18. Qe2 Kh8 19. Nc5 Qc8 20. Bf4 Rg8 21.
h6 Bf8 22. Nd3 Qg4 23. Rhg1 Qxg1 24. Rxg1 Rxg1+ 25. Nd1 e5 26. dxe5 fxe5 27.
Nxe5 Nxe5 28. Bxe5+ Kg8 29. Qf2 Rg6 30. h5 Re6 31. Qg3+ Kf7 32. Qf4+ Ke7 33.
Qg5+ Kf7 34. Nf2 Rae8 35. Ng4 Bxh6 36. Qf5+ Kg8 37. Nf6+ Rxf6 38. Qxf6 Bf8 39.
Qh8+ Kf7 40. Qxh7+ Ke6 41. Qg6+ 1-0

[Event "UK Armed Services Championship"]
[Site "Wittering"]
[Date "2024.04.05"]
[Round "2.14"]
[White "Echavarria Hidalgo, Fernando"]
[Black "Fox, Thomas"]
[Result "1-0"]
[WhiteElo "1785"]
[BlackElo "1500"]
[PlyCount "79"]
[EventDate "2024.04.05"]
[EventType "swiss"]
[EventRounds "7"]
[EventCountry "ENG"]
[SourceTitle "BritBase"]
[Source "John Saunders"]
[SourceDate "2024.05.09"]
[SourceVersion "1"]
[SourceVersionDate "2024.04.06"]
[SourceQuality "1"]

1. e4 c6 2. d4 d5 3. e5 Bf5 4. Bd3 Bxd3 5. Qxd3 e6 6. Nf3 Nd7 7. O-O c5 8. c4
dxc4 9. Qxc4 cxd4 10. Qxd4 Bc5 11. Qe4 b6 12. b4 Be7 13. Rd1 Rc8 14. Be3 f6 15.
exf6 Bxf6 16. Qxe6+ Qe7 17. Qxe7+ Nxe7 18. Bd4 Bxd4 19. Nxd4 O-O 20. f3 Nf6 21.
Nd2 Ned5 22. b5 Rfe8 23. Re1 Nc3 24. Kf2 Red8 25. N2b3 Rd5 26. Nc6 Rc7 27. Ne7+
Rxe7 28. Rxe7 Nxb5 29. Rc1 h6 30. Rc8+ Kh7 31. a4 Nd6 32. Rcc7 Nf5 33. Re2 a5
34. g4 Nd4 35. Nxd4 Rxd4 36. Ree7 Rxa4 37. Rxg7+ Kh8 38. Rgf7 Ra2+ 39. Kg3 Ne8
40. Rf8# 1-0

[Event "UK Armed Services Championship"]
[Site "Wittering"]
[Date "2024.04.05"]
[Round "2.15"]
[White "Altaykan, Metin"]
[Black "Collins, Nigel"]
[Result "1/2-1/2"]
[WhiteElo "1744"]
[BlackElo "1488"]
[PlyCount "139"]
[EventDate "2024.04.05"]
[EventType "swiss"]
[EventRounds "7"]
[EventCountry "ENG"]
[SourceTitle "BritBase"]
[Source "John Saunders"]
[SourceDate "2024.05.09"]
[SourceVersion "1"]
[SourceVersionDate "2024.04.06"]
[SourceQuality "1"]

1. d4 Nf6 2. e3 g6 3. Bd3 Bg7 4. Nd2 d5 5. f4 O-O 6. Ngf3 Nbd7 7. O-O c5 8. c3
c4 9. Bc2 e6 10. Ne5 Nxe5 11. fxe5 Nd7 12. e4 b5 13. a3 Bb7 14. Qe2 Qb6 15. Kh1
a5 16. exd5 Bxd5 17. Be4 Qc6 18. Qf3 Nb6 19. Bxd5 exd5 20. Qh3 f6 21. exf6 Rxf6
22. Nf3 Qd7 23. Qh4 Qe7 24. Bg5 h6 25. Bxf6 Qxf6 26. Qxf6 Bxf6 27. Rae1 Nd7 28.
Ne5 Bxe5 29. dxe5 Re8 30. e6 Nc5 31. e7 Nd7 32. Re6 Kg7 33. g3 Nc5 34. Re5 Nd7
35. Rxd5 Rxe7 36. Kg2 Nf6 37. Rxb5 Re2+ 38. Rf2 Re6 39. Rb7+ Kg8 40. Rd2 Re8
41. h3 Ne4 42. Rdd7 Nf6 43. g4 Nxd7 44. Rxd7 Re2+ 45. Kf3 Rxb2 46. Rd4 Ra2 47.
Rxc4 Rxa3 {(=)} 48. Ke4 Ra1 49. Ke5 Rf1 50. Ra4 Rf3 51. c4 Rxh3 52. Rxa5 Rg3
53. Kf4 Rc3 54. Rc5 Kf7 55. Rc6 Rc1 56. Ke5 Re1+ 57. Kf4 Rf1+ 58. Kg3 Rg1+ 59.
Kf3 Rf1+ 60. Kg2 Rf6 61. Rc5 Ke7 62. Kg3 Kd7 63. Rd5+ Rd6 64. Kf4 Rxd5 65. cxd5
Kd6 66. Ke4 h5 67. gxh5 gxh5 68. Kf4 Kxd5 69. Kg5 h4 70. Kxh4 1/2-1/2

[Event "UK Armed Services Championship"]
[Site "Wittering"]
[Date "2024.04.05"]
[Round "2.16"]
[White "Taylor, Ross"]
[Black "Barnes, David"]
[Result "0-1"]
[WhiteElo "1476"]
[BlackElo "1738"]
[PlyCount "92"]
[EventDate "2024.04.05"]
[EventType "swiss"]
[EventRounds "7"]
[EventCountry "ENG"]
[SourceTitle "BritBase"]
[Source "John Saunders"]
[SourceDate "2024.05.09"]
[SourceVersion "1"]
[SourceVersionDate "2024.04.06"]
[SourceQuality "1"]

1. e4 e5 2. Nf3 Nf6 3. Nc3 Bc5 4. Bc4 d6 5. h3 c6 6. d4 exd4 7. Nxd4 O-O 8. Be3
Re8 9. Qf3 Nbd7 10. O-O-O Ne5 11. Qe2 Nxc4 12. Qxc4 Nxe4 13. Rhe1 d5 14. Qd3
Qf6 15. Nxe4 dxe4 16. Qc4 Bb6 17. Re2 c5 18. Nb3 Be6 19. Qa4 Qe5 20. Qb5 Rac8
21. Bd4 Qc7 22. Bc3 Bxb3 23. axb3 Rcd8 24. Rde1 f5 25. Qc4+ Qf7 26. Qb5 Kf8 27.
Rd2 Rxd2 28. Bxd2 Qd5 29. Be3 Rd8 30. Qc4 Qxc4 31. bxc4 Kf7 32. Bf4 Kf6 33. h4
h6 34. Bh2 Rd7 35. f3 Bc7 36. Bxc7 Rxc7 37. fxe4 Re7 38. Kd2 Rxe4 39. Rxe4 fxe4
40. g4 Ke5 41. Ke3 g6 42. c3 b6 43. b4 a6 44. h5 g5 45. b5 a5 46. Ke2 a4 0-1

[Event "UK Armed Services Championship"]
[Site "Wittering"]
[Date "2024.04.05"]
[Round "2.17"]
[White "Taylor, Harry"]
[Black "Blair, Jimmy"]
[Result "1-0"]
[WhiteElo "1730"]
[BlackElo "1473"]
[PlyCount "55"]
[EventDate "2024.04.05"]
[EventType "swiss"]
[EventRounds "7"]
[EventCountry "ENG"]
[SourceTitle "BritBase"]
[Source "John Saunders"]
[SourceDate "2024.05.09"]
[SourceVersion "1"]
[SourceVersionDate "2024.04.06"]
[SourceQuality "1"]

1. e4 e5 2. d4 exd4 3. Nf3 Bb4+ 4. c3 dxc3 5. bxc3 Bc5 6. Bc4 Nf6 7. e5 Ng4 8.
Bxf7+ Kf8 9. O-O Qe7 10. Bh5 Nxe5 11. Nxe5 d6 12. Qf3+ Qf6 13. Qxf6+ gxf6 14.
Bh6+ Ke7 15. Nf7 Rg8 16. Re1+ Be6 17. Bf4 Nc6 18. Nh6 Ne5 19. Nxg8+ Rxg8 20.
Nd2 Nd3 21. Be3 Nxe1 22. Rxe1 Bxe3 23. Rxe3 Kd7 24. Ne4 Rf8 25. a3 b6 26. Be2
Kc8 27. Nxd6+ cxd6 28. Rxe6 1-0

[Event "UK Armed Services Championship"]
[Site "Wittering"]
[Date "2024.04.05"]
[Round "2.18"]
[White "Bradley, Eric"]
[Black "Driscoll, Mark"]
[Result "0-1"]
[WhiteElo "1317"]
[BlackElo "1720"]
[PlyCount "102"]
[EventDate "2024.04.05"]
[EventType "swiss"]
[EventRounds "7"]
[EventCountry "ENG"]
[SourceTitle "BritBase"]
[Source "John Saunders"]
[SourceDate "2024.05.09"]
[SourceVersion "1"]
[SourceVersionDate "2024.04.06"]
[SourceQuality "1"]

1. e4 c5 2. c4 Nc6 3. Nc3 Nf6 4. Nge2 d6 5. f3 g6 6. d3 Bg7 7. g4 a6 8. h4 Qa5
9. Bg5 Ne5 10. Bg2 Qb4 11. Qa4+ b5 12. Qxb4 cxb4 13. Bxf6 Bxf6 14. Nd5 Kd8 15.
Nxb4 bxc4 16. O-O-O Nxd3+ 17. Nxd3 cxd3 18. Rxd3 Be6 19. f4 Rc8+ 20. Kb1 Bxg4
21. Nc3 Bxc3 22. bxc3 Be2 23. Rd2 Bb5 24. e5 Rxc3 25. Kb2 Rd3 26. Rhd1 Rxd2+
27. Rxd2 Kc7 28. Bd5 e6 29. exd6+ Kd7 30. Bb3 Rc8 31. a4 Bc4 32. Rd4 Bxb3 33.
Kxb3 a5 34. Rc4 Rb8+ 35. Kc3 Kxd6 36. Kd4 h5 37. Rc5 Rb4+ 38. Rc4 Rxc4+ 39.
Kxc4 e5 40. fxe5+ Kxe5 41. Kb5 f5 42. Kxa5 f4 43. Kb6 f3 44. a5 f2 45. a6 f1=Q
46. Kb7 Qxa6+ 47. Kxa6 Kf4 48. Kb5 Kg4 49. Kc4 Kxh4 50. Kd3 Kg3 51. Ke2 Kg2 0-1

[Event "UK Armed Services Championship"]
[Site "Wittering"]
[Date "2024.04.05"]
[Round "2.19"]
[White "Shrestha, Yubraj"]
[Black "Morrison, Munroe L"]
[Result "0-1"]
[WhiteElo "1200"]
[BlackElo "1701"]
[PlyCount "88"]
[EventDate "2024.04.05"]
[EventType "swiss"]
[EventRounds "7"]
[EventCountry "ENG"]
[SourceTitle "BritBase"]
[Source "John Saunders"]
[SourceDate "2024.05.09"]
[SourceVersion "1"]
[SourceVersionDate "2024.04.06"]
[SourceQuality "1"]

1. e3 g6 2. Bc4 d5 3. Bd3 Bg7 4. c3 e5 5. Na3 Be6 6. Qb3 Qc8 7. Qa4+ c6 8. Be2
Nf6 9. Qd1 Nbd7 10. h3 Qc7 11. Nf3 h6 12. b3 a6 13. Bb2 b5 14. g4 Ne4 15. Qc2
Nd6 16. Nh4 Qd8 17. Nxg6 Rg8 18. f4 fxg6 19. Qxg6+ Bf7 20. Qxd6 Bf8 21. Qxc6
Rg6 22. Qb7 Rb6 23. Qxa8 Qxa8 24. fxe5 Nxe5 25. d4 Nd7 26. Nc2 Qd8 27. Rf1 Qh4+
28. Kd2 Rf6 29. Rh1 Rf2 30. Rae1 Nf6 31. Kc1 Bg6 32. Nb4 Bxb4 33. cxb4 Qg3 34.
Bc3 Ne4 35. Bd2 Qc7+ 36. Kd1 Ng3 37. e4 Nxh1 38. Bd3 dxe4 39. Bxe4 Rxd2+ 40.
Kxd2 Qf4+ 41. Re3 Bxe4 42. Ke2 Qf2+ 43. Kd1 Qxe3 44. h4 Nf2# 0-1

[Event "UK Armed Services Championship"]
[Site "Wittering"]
[Date "2024.04.05"]
[Round "2.20"]
[White "Hill, Thomas"]
[Black "Lavender, Lee"]
[Result "0-1"]
[WhiteElo "1675"]
[BlackElo "1465"]
[PlyCount "96"]
[EventDate "2024.04.05"]
[EventType "swiss"]
[EventRounds "7"]
[EventCountry "ENG"]
[SourceTitle "BritBase"]
[Source "John Saunders"]
[SourceDate "2024.05.09"]
[SourceVersion "1"]
[SourceVersionDate "2024.04.06"]
[SourceQuality "1"]

1. e4 c6 2. d4 d5 3. Nc3 dxe4 4. Nxe4 Nf6 5. Nxf6+ exf6 6. Nf3 Bd6 7. Qe2+ Qe7
8. Qxe7+ Kxe7 9. Be3 Bf5 10. O-O-O Re8 11. Bc4 Be4 12. Nd2 f5 {(=)} 13. f3 Bd5
14. Rhe1 Kd7 15. g3 b5 16. Bxd5 cxd5 17. Nb3 Na6 18. Nc5+ Bxc5 19. dxc5 Kc6 20.
Bd4 g6 21. Rxe8 Rxe8 22. Rd3 Nc7 23. Kd2 a5 24. a3 h5 25. Re3 Rxe3 26. Kxe3 b4
27. axb4 axb4 28. Kf4 Ne6+ 29. Ke5 Nxc5 30. Kf6 b3 31. c3 Nd3 32. c4 dxc4 33.
Kxf7 Kd5 34. Bc3 Ne5+ 35. Kf6 Nxf3 36. h4 Nxh4 37. gxh4 f4 38. Kxg6 f3 39. Be1
c3 40. Bxc3 f2 41. Kxh5 f1=Q 42. Kh6 Qf4+ 43. Kh5 Qf5+ 44. Kh6 Ke6 45. h5 Kf7
46. Bh8 Qf4+ 47. Kh7 Qg5 48. Bc3 Qxh5# 0-1

[Event "UK Armed Services Championship"]
[Site "Wittering"]
[Date "2024.04.05"]
[Round "2.25"]
[White "McClennon, Dave"]
[Black "Rai, Rajip"]
[Result "0-1"]
[WhiteElo "1586"]
[BlackElo "1300"]
[PlyCount "96"]
[EventDate "2024.04.05"]
[EventType "swiss"]
[EventRounds "7"]
[EventCountry "ENG"]
[SourceTitle "BritBase"]
[Source "John Saunders"]
[SourceDate "2024.05.09"]
[SourceVersion "1"]
[SourceVersionDate "2024.04.06"]
[SourceQuality "1"]

1. c4 Nf6 2. g3 c6 3. Bg2 d6 4. Nc3 g6 5. b3 Bg7 6. Bb2 Bf5 7. Nf3 Ne4 8. O-O
O-O 9. Nh4 Nxc3 10. Bxc3 Bxc3 11. dxc3 Qc8 12. Qd2 Bh3 13. Rfe1 f6 14. Qe3 Rf7
15. Rad1 Na6 16. b4 Nc7 17. Rd4 Qd7 18. Bxh3 Qxh3 19. Nxg6 hxg6 20. Rh4 Qf5 21.
Qh6 Rg7 22. e4 Qg5 23. f4 Qxh6 24. Rxh6 Kf7 25. e5 Rd8 26. Kf2 Ne6 27. Kf3 Nf8
28. b5 Rh7 29. Rxh7+ Nxh7 30. bxc6 bxc6 31. exf6 Nxf6 32. Rb1 Ke6 33. g4 Rd7
34. Re1+ Kf7 35. f5 gxf5 36. gxf5 Rb7 37. Re2 Rb1 38. Ke3 Ng4+ 39. Kf4 Ne5 40.
h4 Rg1 41. Rh2 Rg4+ 42. Ke3 Kg7 43. h5 Kh6 44. Rf2 Nf7 45. f6 e6 46. Kd2 Rxc4
47. Rg2 Ng5 48. f7 Rf4 0-1

[Event "UK Armed Services Championship"]
[Site "Wittering"]
[Date "2024.04.05"]
[Round "2.28"]
[White "Pitchers, Michael"]
[Black "Mulholland, Richard"]
[Result "1-0"]
[WhiteElo "1528"]
[BlackElo "1000"]
[PlyCount "81"]
[EventDate "2024.04.05"]
[EventType "swiss"]
[EventRounds "7"]
[EventCountry "ENG"]
[SourceTitle "BritBase"]
[Source "John Saunders"]
[SourceDate "2024.05.09"]
[SourceVersion "1"]
[SourceVersionDate "2024.04.06"]
[SourceQuality "1"]

1. Nf3 Nc6 2. d4 e5 3. dxe5 d6 4. Bf4 Bf5 5. a3 dxe5 6. Qxd8+ Rxd8 7. Nxe5 Bxc2
8. Nc3 Nd4 9. Rc1 Bd6 10. e3 Bxe5 11. Bxe5 f6 12. Bxd4 Bb3 13. Be2 g6 14. O-O
Ne7 15. Bxf6 Rf8 16. Bxe7 Kxe7 17. e4 Rd2 18. Rfe1 Rxb2 19. Nd5+ Ke6 20. Rb1
Rxb1 21. Rxb1 Bc2 22. Rc1 Bxe4 23. Nxc7+ Ke5 24. f3 Bc6 25. Re1 Rc8 26. Bb5+
Kf4 27. Bxc6 bxc6 28. Re4+ Kf5 29. g4+ Kg5 30. Ne6+ Kh4 31. g5+ Kh3 32. Rg4 Rf8
33. Nf4+ Rxf4 34. Rxf4 c5 35. Rf7 h6 36. gxh6 Kh4 37. h7 c4 38. h8=Q+ Kg5 39.
Qe5+ Kh6 40. f4 g5 41. Qxg5# 1-0

[Event "UK Armed Services Championship"]
[Site "Wittering"]
[Date "2024.04.05"]
[Round "2.29"]
[White "Bray, Justin"]
[Black "Rossetti, Oliver"]
[Result "0-1"]
[WhiteElo "1200"]
[BlackElo "1762"]
[PlyCount "62"]
[EventDate "2024.04.05"]
[EventType "swiss"]
[EventRounds "7"]
[EventCountry "ENG"]
[SourceTitle "BritBase"]
[Source "John Saunders"]
[SourceDate "2024.05.09"]
[SourceVersion "1"]
[SourceVersionDate "2024.04.06"]
[SourceQuality "1"]

1. b4 e5 2. Bb2 d6 3. d4 exd4 4. Bxd4 Nc6 5. Bc3 a6 6. a4 Nf6 7. Nd2 Nd5 8. Bb2
Ndxb4 9. e4 Ne5 10. Nc4 Nxc4 11. Bxc4 Qg5 12. g3 Bg4 13. f3 Qe3+ 14. Be2 Be6
15. Bd4 Qxd4 16. c3 Qxc3+ 17. Kf1 Nc2 18. Qc1 Qxa1 19. Qxa1 Nxa1 20. Kg2 O-O-O
21. g4 d5 22. Nh3 Nc2 23. exd5 Rxd5 24. Kf2 Rd2 25. Nf4 Bc5+ 26. Kg3 Bd6 27.
Bd1 g5 28. Bxc2 Bxf4+ 29. Kh3 h5 30. Bf5 hxg4+ 31. Kxg4 Rh4# 0-1

[Event "UK Armed Services Championship"]
[Site "Wittering"]
[Date "2024.04.05"]
[Round "2.30"]
[White "Goddard, Andrew"]
[Black "Goodman, Paul"]
[Result "0-1"]
[WhiteElo "1200"]
[BlackElo "1640"]
[PlyCount "60"]
[EventDate "2024.04.05"]
[EventType "swiss"]
[EventRounds "7"]
[EventCountry "ENG"]
[SourceTitle "BritBase"]
[Source "John Saunders"]
[SourceDate "2024.05.09"]
[SourceVersion "1"]
[SourceVersionDate "2024.04.06"]
[SourceQuality "1"]

1. e4 c5 2. Nc3 Nc6 3. d3 e6 4. Be2 g6 5. Nf3 Bg7 6. Bd2 Nge7 7. Nb5 d5 8. Bf4
e5 9. Be3 d4 10. Bg5 a6 11. Na3 O-O 12. O-O b5 13. c3 Qd6 14. Nc2 f5 15. c4
bxc4 16. dxc4 fxe4 17. Nd2 e3 18. Ne4 Qd8 19. fxe3 Bf5 20. Ng3 Qd7 21. a3 h6
22. Bxe7 Nxe7 23. b4 Rad8 24. Rb1 d3 25. Rc1 dxe2 26. Qxe2 Qd2 27. Rfd1 Qxe2
28. Nxe2 Bd3 29. Nc3 e4 30. Ne1 Rf1# 0-1

[Event "UK Armed Services Championship"]
[Site "Wittering"]
[Date "2024.04.05"]
[Round "2.31"]
[White "Rai, Rabindra"]
[Black "Finn, Matthew"]
[Result "0-1"]
[WhiteElo "1462"]
[BlackElo "1200"]
[PlyCount "114"]
[EventDate "2024.04.05"]
[EventType "swiss"]
[EventRounds "7"]
[EventCountry "ENG"]
[SourceTitle "BritBase"]
[Source "John Saunders"]
[SourceDate "2024.05.09"]
[SourceVersion "1"]
[SourceVersionDate "2024.04.06"]
[SourceQuality "1"]

1. e4 e5 2. Nc3 d6 3. Nf3 Nf6 4. Bc4 Bg4 5. h3 Bh5 6. g4 Bg6 7. d3 h6 8. Nh4
Bh7 9. Qf3 Nc6 10. Ne2 Nb4 11. Bb3 d5 12. exd5 Nfxd5 13. Bd2 Qxh4 14. Bxb4
Bxb4+ 15. c3 Bxc3+ 16. bxc3 c6 17. O-O O-O 18. d4 e4 19. Qg2 e3 20. Bxd5 exf2+
21. Rxf2 cxd5 22. Ng3 Rad8 23. Kh2 Qg5 24. Qf1 Bg6 25. Re1 f6 26. Re7 Rde8 27.
Nf5 Bxf5 28. Rxf5 Qd2+ 29. Rf2 Qxc3 30. Rxb7 Re3 31. Kg1 Rg3+ 32. Kh1 Rxh3+ 33.
Rh2 Rxh2+ 34. Kxh2 Qd2+ 35. Kh1 Qxa2 36. Qe1 Qa3 37. Kg2 Qa2+ 38. Kh3 Qa3+ 39.
Kh4 g5+ 40. Kh5 a5 41. Qh1 Qd6 42. Kxh6 f5+ 43. Kxg5 Rf7 44. Rxf7 Kxf7 45. Qh7+
Ke8 46. Qh8+ Kd7 47. gxf5 a4 48. Qg7+ Ke8 49. Qe5+ Qxe5 50. dxe5 a3 51. f6 a2
52. e6 a1=Q 53. f7+ Ke7 54. Kg6 Qf6+ 55. Kh7 Qxe6 56. Kg8 Qxf7+ 57. Kh8 Qh5+
0-1

[Event "UK Armed Services Championship"]
[Site "Wittering"]
[Date "2024.04.05"]
[Round "2.32"]
[White "Graeme, Matthew"]
[Black "Tucker, Andrew"]
[Result "0-1"]
[WhiteElo "1165"]
[BlackElo "1461"]
[PlyCount "76"]
[EventDate "2024.04.05"]
[EventType "swiss"]
[EventRounds "7"]
[EventCountry "ENG"]
[SourceTitle "BritBase"]
[Source "John Saunders"]
[SourceDate "2024.05.09"]
[SourceVersion "1"]
[SourceVersionDate "2024.04.06"]
[SourceQuality "1"]

1. e4 e6 2. d4 d5 3. Nc3 dxe4 4. Nxe4 Nf6 5. Nc3 Bb4 6. Nf3 h6 7. Bd2 Bxc3 8.
Bxc3 O-O 9. Bd3 Nd5 10. Bd2 a6 11. c4 Nb6 12. O-O Nc6 13. Qc1 Qf6 14. d5 Ne5
15. Nxe5 Qxe5 16. Bc3 Qg5 17. f4 Qh5 18. f5 exf5 19. c5 Nxd5 20. Qc2 c6 21. Rf3
f4 22. Raf1 Ne3 23. Rxe3 fxe3 24. Rf3 Qg5 25. Rg3 Bg4 26. Be2 h5 27. h3 Qf4 28.
Kh2 h4 29. Bxg4 Qxg3+ 30. Kg1 Rad8 31. Qb3 Qf2+ 32. Kh2 e2 33. Qxb7 e1=Q 34.
Bxe1 Qxe1 35. Qxc6 Qf1 36. Qc7 Rd2 37. Qc6 Rc2 38. b4 Rc1 0-1

[Event "UK Armed Services Championship"]
[Site "Wittering"]
[Date "2024.04.05"]
[Round "2.33"]
[White "Martin-Logue, Steve"]
[Black "Brown, William"]
[Result "0-1"]
[WhiteElo "1159"]
[BlackElo "1450"]
[PlyCount "56"]
[EventDate "2024.04.05"]
[EventType "swiss"]
[EventRounds "7"]
[EventCountry "ENG"]
[SourceTitle "BritBase"]
[Source "John Saunders"]
[SourceDate "2024.05.09"]
[SourceVersion "1"]
[SourceVersionDate "2024.04.06"]
[SourceQuality "1"]

1. e4 c5 2. d3 e6 3. Nf3 Be7 4. Be2 Nf6 5. O-O O-O 6. Ne5 b6 7. Bh5 d6 8. Bxf7+
Rxf7 9. Nxf7 Qf8 10. Ng5 d5 11. e5 Nfd7 12. Nxe6 Qf5 13. Nc7 Qxe5 14. Nxa8 Bd6
15. g3 Bb7 16. Re1 Qf6 17. Nc3 Bxa8 18. Nb5 Bf8 19. Nc7 Bc6 20. Ne8 Qf5 21.
Nxg7 Bxg7 22. Re7 Ne5 23. Re8+ Kf7 24. Rxb8 d4 25. f4 Qh3 26. Qe2 Nf3+ 27. Kf2
Qxh2+ 28. Kf1 Qg1# 0-1

[Event "UK Armed Services Championship"]
[Site "Wittering"]
[Date "2024.04.05"]
[Round "2.34"]
[White "Peacock, Christopher"]
[Black "Margarson, Martyn"]
[Result "0-1"]
[WhiteElo "1436"]
[BlackElo "1200"]
[PlyCount "68"]
[EventDate "2024.04.05"]
[EventType "swiss"]
[EventRounds "7"]
[EventCountry "ENG"]
[SourceTitle "BritBase"]
[Source "John Saunders"]
[SourceDate "2024.05.09"]
[SourceVersion "1"]
[SourceVersionDate "2024.04.06"]
[SourceQuality "1"]

1. e4 e5 2. Nf3 Nc6 3. c3 Nf6 4. d4 Bd6 5. Bd3 a6 6. d5 Ne7 7. O-O b5 8. Nbd2
O-O 9. Re1 h6 10. c4 bxc4 11. Bxc4 Rb8 12. b3 g5 13. Bb2 Ng6 14. Bf1 g4 15. Nc4
Bb4 16. Nfd2 d6 17. Bc1 Bc3 18. Rb1 h5 19. Re3 Bb4 20. Kh1 h4 21. f3 Qd7 22.
fxg4 Nxg4 23. Rf3 f5 24. h3 Nf6 25. Rxf5 Qg7 26. Nf3 Nxe4 27. Rg5 Nf2+ 28. Kh2
Nxd1 29. Nxh4 Nxh4 30. Rxg7+ Kxg7 31. Be2 Nc3 32. Rb2 Rf2 33. Kg3 Rxe2 34. Rxe2
Nxe2+ 0-1